MARC details
| 000 -LEADER |
| fixed length control field |
03704nam a22004578i 4500 |
| 001 - CONTROL NUMBER |
| control field |
BDZ0027808556 |
| 003 - CONTROL NUMBER IDENTIFIER |
| control field |
StDuBDS |
| 005 - DATE AND TIME OF LATEST TRANSACTION |
| control field |
20241029145030.0 |
| 006 - FIXED-LENGTH DATA ELEMENTS--ADDITIONAL MATERIAL CHARACTERISTICS |
| fixed length control field |
m|||||o||d|||||||| |
| 007 - PHYSICAL DESCRIPTION FIXED FIELD--GENERAL INFORMATION |
| fixed length control field |
cr ||||||||||| |
| 008 - FIXED-LENGTH DATA ELEMENTS--GENERAL INFORMATION |
| fixed length control field |
160624s2016 enk fo 000|0|eng|d |
| 020 ## - INTERNATIONAL STANDARD BOOK NUMBER |
| International Standard Book Number |
9781848221925 (ePub ebook) : |
| Terms of availability |
35.00 |
| 040 ## - CATALOGING SOURCE |
| Original cataloging agency |
StDuBDS |
| Language of cataloging |
eng |
| Description conventions |
rda |
| -- |
pn |
| Transcribing agency |
StDuBDS |
| Modifying agency |
StDuBDSZ |
| 050 #4 - LIBRARY OF CONGRESS CALL NUMBER |
| Classification number |
N8795 |
| 072 #7 - SUBJECT CATEGORY CODE |
| Subject category code |
CRI |
| Source |
ukslc |
| 072 #7 - SUBJECT CATEGORY CODE |
| Subject category code |
ABK |
| Source |
bicssc |
| 072 #7 - SUBJECT CATEGORY CODE |
| Subject category code |
ABQ |
| Source |
bicssc |
| 072 #7 - SUBJECT CATEGORY CODE |
| Subject category code |
ABK |
| Source |
thema |
| 072 #7 - SUBJECT CATEGORY CODE |
| Subject category code |
ABQ |
| Source |
thema |
| 082 04 - DEWEY DECIMAL CLASSIFICATION NUMBER |
| Classification number |
364.16287 |
| Edition number |
23 |
| 245 00 - TITLE STATEMENT |
| Title |
Art crime and its prevention |
| Medium |
[electronic resource] : |
| Remainder of title |
a handbook for collectors and art professionals / |
| Statement of responsibility, etc. |
edited by Arthur Tompkins ; foreword by Noah Charney. |
| 264 #1 - PRODUCTION, PUBLICATION, DISTRIBUTION, MANUFACTURE, AND COPYRIGHT NOTICE |
| Place of production, publication, distribution, manufacture |
Farnham : |
| Name of producer, publisher, distributor, manufacturer |
Lund Humphries, |
| Date of production, publication, distribution, manufacture, or copyright notice |
2016. |
| 300 ## - PHYSICAL DESCRIPTION |
| Extent |
1 online resource (240 pages) |
| 336 ## - CONTENT TYPE |
| Content type term |
text |
| Source |
rdacontent |
| 337 ## - MEDIA TYPE |
| Media type term |
computer |
| Source |
rdamedia |
| 338 ## - CARRIER TYPE |
| Carrier type term |
online resource |
| Source |
rdacarrier |
| 366 ## - TRADE AVAILABILITY INFORMATION |
| Detailed date of publication |
20160623 |
| Availability status code |
Not yet available |
| 505 0# - FORMATTED CONTENTS NOTE |
| Formatted contents note |
Foreword, Noah Charney; Introduction, Arthur Tompkins; Part 1 - The Art Market: The art world: compliant victim, Tom Flynn; Methods of profit: rewards, ransoms and buybacks, Toby Bull; Art-crime law, Louisa Gommans; Art crime in indigenous cultures: a Maori perspective, Ngarino Ellis; Part 2 - Museums, Galleries and Collections: Legacy and longevity: protecting the past for the future, Penelope Jackson; Security for protection of art: strategy, tactics, technology and making new paths, Dick Drent; Part 3 - Dishonesty, Deception and Detection: Art theft, Marc Balcells; Insurance and art crime, Dorit Straus; Fakes and forgeries in the internetage, Colette Loll; Art crime and law enforcement, Virginia Curry; Part 4 - Art and Armed Conflict: Art in war, Arthur Tompkins; Impacts of looting on conflict zones, Laurie Rush; Art crime and fundamentalist terrorism, Al Gillespie; Part 5 - Looking Forward: Past impediments to effective results, Lynda Albertson; Summary and future Directions, Arthur Tompkins; Appendices; Bibliography; Index |
| 520 8# - SUMMARY, ETC. |
| Summary, etc. |
Art Crime and Its Prevention is the definitive handbook on art crime for art-world professionals of all kinds -from the museum, auction house or art-insurance employee to the contemporary gallerist, dealer, art-market student or collector. Written by a range of international experts, the book's territory is broad and includes advice on how to secure art in galleries and private collections; how and when to insure art; what to look for to be sure that an artwork you buy is legitimate; how to check provenance to be certain that it matches the work it accompanies; how to deal with forgery and best-practices in art acquisition. Contextual debate, such as discussion of the impact of looting in conflict zones and the relevant international law relating to art in war, enlivens the text and helps to present a fully-rounded analysis of art crime and its many associations.An authoritative and readable handbook, Art Crime and Its Prevention will be an essential reference guide for all those involved in the art world internationally, or in the protection and recovery of artworks. |
| 588 ## - SOURCE OF DESCRIPTION NOTE |
| Source of description note |
Description based on CIP data; item not viewed. |
| 650 #0 - SUBJECT ADDED ENTRY--TOPICAL TERM |
| Topical term or geographic name entry element |
Art thefts. |
| 650 #0 - SUBJECT ADDED ENTRY--TOPICAL TERM |
| Topical term or geographic name entry element |
Antiques |
| 650 #0 - SUBJECT ADDED ENTRY--TOPICAL TERM |
| Topical term or geographic name entry element |
EBOOK |
| 650 #7 - SUBJECT ADDED ENTRY--TOPICAL TERM |
| Topical term or geographic name entry element |
True Crime. |
| Source of heading or term |
ukslc |
| 650 #7 - SUBJECT ADDED ENTRY--TOPICAL TERM |
| Topical term or geographic name entry element |
Forgery, falsification & theft of artworks |
| Source of heading or term |
thema |
| 650 #7 - SUBJECT ADDED ENTRY--TOPICAL TERM |
| Topical term or geographic name entry element |
Art: financial aspects |
| Source of heading or term |
thema |
| 700 1# - ADDED ENTRY--PERSONAL NAME |
| Personal name |
Tompkins, Arthur, |
| Relator term |
editor. |
| 776 08 - ADDITIONAL PHYSICAL FORM ENTRY |
| Relationship information |
Print version : |
| International Standard Book Number |
9781848221871 |
| 856 40 - ELECTRONIC LOCATION AND ACCESS |
| Uniform Resource Identifier |
<a href="https://www.vlebooks.com/product/openreader?id=RICS&accId=9491556&isbn=9781848221925">https://www.vlebooks.com/product/openreader?id=RICS&accId=9491556&isbn=9781848221925</a> |
| Public note |
Available on VLeBooks (email [email protected] if you do not have a login) |
| 942 ## - ADDED ENTRY ELEMENTS (KOHA) |
| Source of classification or shelving scheme |
Dewey Decimal Classification |